书目信息 |
| 题名: |
泛函分析中的反例
|
|
| 作者: | 汪林 著 | |
| 分册: | ||
| 出版信息: | 北京 高等教育出版社 2014.01 |
|
| 页数: | 329页 | |
| 开本: | 23cm | |
| 丛书名: | ||
| 单 册: | ||
| 中图分类: | O177 | |
| 科图分类: | ||
| 主题词: | 数学分析 | |
| 电子资源: | ||
| ISBN: | 978-7-04-038890-9 | |
| 000 | 00546nam0 2200193 45 | |
| 001 | 2242571731 | |
| 005 | 20220608115114.60 | |
| 010 | @a978-7-04-038890-9@dRMB 49.00 | |
| 100 | @a20220608d2014 km y0chiy0120 ea | |
| 101 | 0 | @achi |
| 102 | @aCN@b110000 | |
| 200 | 1 | @a泛函分析中的反例@Afan han fen xi zhong de fan li@f汪林 著@Fwang lin zhu |
| 210 | @a北京@c高等教育出版社@d2014.01 | |
| 215 | @a329页@d23cm | |
| 606 | 0 | @a数学分析 |
| 690 | @aO177@v4 | |
| 701 | 0 | @a汪林@Awang lin@4著 |
| 801 | 0 | @aCN@b河南城建学院图书馆@c20220608 |
| 905 | @dO177@eW065 | |
| 泛函分析中的反例/汪林 著.-北京:高等教育出版社,2014.01 |
| 329页;23cm |
| ISBN 978-7-04-038890-9:RMB 49.00 |
| ● |
| 相关链接 |
|
|
|
正题名:泛函分析中的反例
索取号:O177/W065
 
预约/预借
| 序号 | 登录号 | 条形码 | 馆藏地/架位号 | 状态 | 备注 |
| 1 | 1503634 | 215036342 | 数理学院资料室/ [索取号:O177/W065] | 在馆 |